[Event "Offene Hessische Senioren Einzelmeisters"]
[Site "Bad Sooden- Allendorf"]
[Date "2013.04.28"]
[Round "9.11"]
[White "Niebling, Ferdinand"]
[Black "Just, Joachim"]
[Result "0-1"]
[WhiteElo "2049"]
[BlackElo "1912"]
[Annotator ",Microsoft"]
[PlyCount "98"]
[EventDate "2013.??.??"]
[WhiteTeam "SC Frankfurt-West"]
[BlackTeam "SV Motor Zeitz"]

1. d4 d5 2. c4 c6 3. Nf3 g6 4. e3 Bg7 5. Nc3 Nf6 6. b3 Bg4 7. h3 Bxf3 8. Qxf3
e6 9. Bd3 Nbd7 10. Bb2 Qe7 11. O-O O-O 12. Rfd1 Rfc8 13. Rac1 Ne8 14. Qe2 f5
15. Bb1 Nef6 16. f4 Rf8 17. Rf1 Rae8 18. Nd1 Ne4 19. Bxe4 fxe4 20. Nf2 Qh4 $11
21. Kh2 Rf7 22. b4 Bf8 23. c5 a6 24. a4 Bg7 25. Bc3 Qe7 26. Rb1 g5 27. g3 Kh8
28. b5 axb5 29. axb5 Ra8 30. bxc6 bxc6 31. Rb7 gxf4 32. gxf4 Qh4 33. Rg1 Raf8
34. Rg4 Qh5 $11 35. Rb2 Nf6 36. Rg1 Qxe2 37. Rxe2 Rb7 38. Ba5 Ra8 39. Bb6 Nd7
40. Rb1 h5 41. Rb3 Bf6 42. Reb2 Rab8 43. Nd1 Bd8 44. Nc3 Bxb6 45. Na4 Kh7 46.
cxb6 Kh6 47. Kg3 Rg8+ 48. Kh4 Nf8 49. Nc5 Rg1 0-1

[Event "Offene Hessische Senioren Einzelmeisters"]
[Site "Bad Sooden- Allendorf"]
[Date "2013.04.28"]
[Round "9.13"]
[White "Bieberle, Gerhart"]
[Black "Lindner, Jan-Joost"]
[Result "0-1"]
[WhiteElo "1733"]
[BlackElo "2159"]
[PlyCount "46"]
[EventDate "2013.??.??"]
[WhiteTeam "Post-Telekom SV 1925 Aachen e.V."]
[BlackTeam "DD Den Haag"]

1. Nf3 f5 2. d4 Nf6 3. c4 e6 4. Nc3 Be7 5. g3 O-O 6. Bg2 d6 7. a3 Qe8 8. b4 Nc6
9. O-O e5 10. d5 Nd8 11. Qc2 Qh5 12. Bd2 f4 13. Ne4 Nxe4 14. Qxe4 Bf5 15. g4
Qxg4 16. Nxe5 dxe5 17. Qxe5 Bd6 18. Qc3 Nf7 19. Rae1 Be5 20. Qc1 Ng5 21. f3 Qh4
22. Kh1 Rf6 23. Bc3 Rh6 0-1

[Event "Offene Hessische Senioren Einzelmeisters"]
[Site "Bad Sooden- Allendorf"]
[Date "2013.04.28"]
[Round "9.14"]
[White "Reinhold, Dr. Klaus"]
[Black "Rüberg, Jobst"]
[Result "1/2-1/2"]
[WhiteElo "1957"]
[BlackElo "2068"]
[PlyCount "52"]
[EventDate "2013.??.??"]
[WhiteTeam "SC Gronau 1920 e.V."]
[BlackTeam "SV Ahlen 1954 e.V."]

1. d4 Nf6 2. c4 e6 3. Nf3 b6 4. g3 Ba6 5. Nbd2 Bb7 6. Bg2 c5 7. O-O Qc7 8. e4
cxd4 9. Nxd4 a6 10. Qe2 d6 11. b3 Be7 12. Bb2 Nbd7 13. Rfe1 g6 14. Rad1 O-O 15.
Nb1 Rfe8 16. Nc3 Bf8 17. Nc2 Rac8 18. Qd2 Red8 19. Ne3 Bc6 20. Qd4 b5 21. cxb5
axb5 22. b4 Qb7 23. Ncd5 Bxd5 24. exd5 e5 25. Qh4 Bg7 26. Rc1 Rxc1 1/2-1/2

[Event "Offene Hessische Senioren Einzelmeisters"]
[Site "Bad Sooden- Allendorf"]
[Date "2013.04.28"]
[Round "9.15"]
[White "van Geffen, Ben"]
[Black "Essegern, Dr. Kurt"]
[Result "1/2-1/2"]
[WhiteElo "2061"]
[BlackElo "1952"]
[PlyCount "34"]
[EventDate "2013.??.??"]
[WhiteTeam "Messemaker 1847"]
[BlackTeam "Randspringer Bad Salzungen"]

1. e4 c5 2. Nf3 Nc6 3. d4 cxd4 4. Nxd4 g6 5. Nc3 Bg7 6. Be3 Nf6 7. Bc4 O-O 8.
Bb3 d6 9. h3 Na5 10. Qd2 b6 11. Bh6 Nxb3 12. axb3 Bb7 13. Bxg7 Kxg7 14. Qe3 e5
15. Nf3 Qd7 16. O-O Qc6 17. Rfe1 b5 1/2-1/2

[Event "Offene Hessische Senioren Einzelmeisters"]
[Site "Bad Sooden- Allendorf"]
[Date "2013.04.28"]
[Round "9.16"]
[White "Noblé, Alexander"]
[Black "Franck, Rudolf"]
[Result "1/2-1/2"]
[WhiteElo "1907"]
[BlackElo "2057"]
[PlyCount "31"]
[EventDate "2013.??.??"]
[WhiteTeam "SC Bad Nauheim"]
[BlackTeam "SC 1875 Ellwangen"]

1. c4 c5 2. Nc3 e6 3. e4 Nc6 4. Nf3 g6 5. d4 cxd4 6. Nxd4 a6 7. Be3 Bg7 8. Be2
Nge7 9. O-O O-O 10. Nb3 f5 11. f3 Na5 12. Qd6 Nxb3 13. axb3 Nc6 14. Bc5 b6 15.
Be3 Bb7 16. Rfd1 1/2-1/2

[Event "Offene Hessische Senioren Einzelmeisters"]
[Site "Bad Sooden- Allendorf"]
[Date "2013.04.28"]
[Round "9.17"]
[White "Lenk, Wolfgang"]
[Black "Ditmas, Hugh"]
[Result "1/2-1/2"]
[WhiteElo "2054"]
[BlackElo "1902"]
[PlyCount "81"]
[EventDate "2013.??.??"]
[WhiteTeam "USV TU Dresden"]
[BlackTeam "Bremer SG von 1877"]

1. e4 c5 2. Nf3 Nc6 3. d4 cxd4 4. Nxd4 Nf6 5. Nc3 e5 6. Ndb5 d6 7. Nd5 Nxd5 8.
exd5 Nb8 9. a4 Be7 10. Be2 O-O 11. O-O a6 12. Na3 Bf5 13. Nc4 Nd7 14. f4 Be4
15. Bd3 Bxd3 16. Qxd3 b5 17. axb5 axb5 18. Rxa8 Qxa8 19. Ne3 Nc5 20. Qxb5 exf4
21. Nf5 Bf6 22. Qc4 f3 23. gxf3 Nd7 24. Kh1 Rc8 25. Qb5 Ne5 26. Nxd6 Rb8 27.
Qe2 Qxd5 28. Ne4 Bd8 29. b3 Bb6 30. Rd1 Qa8 31. Bf4 f6 32. Bxe5 fxe5 33. Rd7
Rd8 34. Qc4+ Kh8 35. Rxd8+ Qxd8 36. Qd3 Qa8 37. Qd1 h6 38. c4 Bd4 39. b4 g5 40.
Qe1 Qa3 41. Nd2 1/2-1/2

[Event "Offene Hessische Senioren Einzelmeisters"]
[Site "Bad Sooden- Allendorf"]
[Date "2013.04.28"]
[Round "9.18"]
[White "Schumacher, Helmut"]
[Black "Stimpel, Franz"]
[Result "1/2-1/2"]
[WhiteElo "1902"]
[BlackElo "2015"]
[PlyCount "64"]
[EventDate "2013.??.??"]
[WhiteTeam "DJK Aufwärts St. Josef Aachen 19"]
[BlackTeam "Wiesbadener SV 1885"]

1. d4 e6 2. e4 d5 3. Nc3 Bb4 4. exd5 exd5 5. Bd3 Nf6 6. Nge2 O-O 7. O-O c6 8.
a3 Bd6 9. Ng3 Bg4 10. f3 Be6 11. Nce2 Qc7 12. Bg5 Nbd7 13. Qd2 Qb6 14. Kh1 Ne8
15. Nf4 Bxf4 16. Bxf4 g6 17. c3 Ng7 18. Rae1 Rfe8 19. Re2 f6 20. h4 Bf7 21.
Rfe1 Ne6 22. b4 a5 23. Bd6 axb4 24. axb4 Kg7 25. h5 Ndf8 26. hxg6 hxg6 27. f4
Rad8 28. Bxf8+ Nxf8 29. Rxe8 Rxe8 30. Rxe8 Bxe8 31. Qe2 Qd8 32. f5 g5 1/2-1/2

[Event "Offene Hessische Senioren Einzelmeisters"]
[Site "Bad Sooden- Allendorf"]
[Date "2013.04.28"]
[Round "9.19"]
[White "Holscher, Peter"]
[Black "Zwanepol, Johan"]
[Result "1-0"]
[WhiteElo "2005"]
[BlackElo "1884"]
[PlyCount "107"]
[EventDate "2013.??.??"]
[WhiteTeam "Caissa Hoorn"]

1. d4 Nf6 2. Nf3 c6 3. g3 d5 4. Bg2 g6 5. O-O Bg7 6. b3 Na6 7. Bb2 O-O 8. Nbd2
Bf5 9. a3 Ne4 10. Nh4 Nxd2 11. Qxd2 Qd7 12. Rfe1 Bh3 13. Bh1 f5 14. Rad1 Nc7
15. Nf3 f4 16. Ne5 fxg3 17. hxg3 Qd6 18. Qe3 Bf5 19. c4 Rae8 20. Bf3 Bc8 21.
Kg2 Rf6 22. c5 Qd8 23. Bc1 Ne6 24. Ng4 Rf7 25. Nh6+ Bxh6 26. Qxh6 Ng7 27. g4
Qc7 28. Rh1 Ne6 29. e3 Nf8 30. Bb2 Qd7 31. Be2 Qe6 32. f3 Qf6 33. Rdf1 Ne6 34.
Bc1 Ref8 35. f4 Nd8 36. Bd2 Rg7 37. Bf3 Nf7 38. Qh2 e6 39. Be2 Qd8 40. g5 Qe7
41. b4 b6 42. Rc1 Bd7 43. Qg3 Rb8 44. Bg4 Nd8 45. Rhe1 Rb7 46. e4 Qf8 47. Qd3
b5 48. a4 a6 49. axb5 cxb5 50. Ra1 dxe4 51. Qxe4 Bc6 52. Bxe6+ Nxe6 53. Qxc6
Nxf4+ 54. Bxf4 1-0

[Event "Offene Hessische Senioren Einzelmeisters"]
[Site "Bad Sooden- Allendorf"]
[Date "2013.04.28"]
[Round "9.20"]
[White "Villing, Dieter"]
[Black "Bomert, Egon"]
[Result "1-0"]
[WhiteElo "1987"]
[BlackElo "1862"]
[PlyCount "73"]
[EventDate "2013.??.??"]
[WhiteTeam "SK 1962 Ladenburg"]
[BlackTeam "SK Bad Sooden-Allendorf"]

1. d4 Nf6 2. Nc3 d5 3. Bg5 Bf5 4. f3 h6 5. Bh4 g5 6. Bg3 Nh5 7. Bf2 Bg6 8. e4
e6 9. h4 Be7 10. g4 Nf4 11. Nge2 Nxe2 12. Qxe2 c6 13. O-O-O Qa5 14. hxg5 Bxg5+
15. Be3 dxe4 16. fxe4 h5 17. d5 Bf6 18. Qf2 Bg7 19. Bd4 e5 20. Be3 Nd7 21. Be2
Nf6 22. gxh5 Nxh5 23. Bxh5 Bxh5 24. Rdg1 Bg6 25. Rxh8+ Bxh8 26. Rd1 Bg7 27. Kb1
c5 28. d6 O-O-O 29. Bxc5 b6 30. Ba3 Rd7 31. Qe2 b5 32. Nd5 Qa4 33. Bb4 Qa6 34.
Rd3 Kb8 35. Rc3 Qb7 36. Rc7 Rxc7 37. dxc7+ 1-0

[Event "Offene Hessische Senioren Einzelmeisters"]
[Site "Bad Sooden- Allendorf"]
[Date "2013.04.28"]
[Round "9.21"]
[White "Gerhardt, Peter-Michael"]
[Black "Van Dongen, Rob"]
[Result "1/2-1/2"]
[WhiteElo "1975"]
[BlackElo "1839"]
[PlyCount "33"]
[EventDate "2013.??.??"]
[WhiteTeam "SC Vahr"]
[BlackTeam "VAS Amsterdam"]

1. d4 Nf6 2. Nf3 d5 3. c4 e6 4. Nc3 c6 5. e3 Nbd7 6. Bd3 dxc4 7. Bxc4 b5 8. Be2
a6 9. O-O Be7 10. b3 Bb7 11. Bb2 O-O 12. Qc2 c5 13. dxc5 Bxc5 14. Rad1 Qe7 15.
Qb1 Rac8 16. Nd4 Ne5 17. Nf3 1/2-1/2

[Event "Offene Hessische Senioren Einzelmeisters"]
[Site "Bad Sooden- Allendorf"]
[Date "2013.04.28"]
[Round "9.22"]
[White "Kotlar, Alfred"]
[Black "Schneider, Alexander"]
[Result "0-1"]
[WhiteElo "1898"]
[BlackElo "1974"]
[PlyCount "120"]
[EventDate "2013.??.??"]
[WhiteTeam "SK Recklinghausen Altsta"]
[BlackTeam "Wilhelmshavener SC von 1887 e. V"]

1. d4 Nf6 2. Nf3 d5 3. Bf4 e6 4. Nbd2 c5 5. e3 Nc6 6. c3 a6 7. a4 Be7 8. Ne5
Nxe5 9. Bxe5 cxd4 10. exd4 O-O 11. Bd3 Nd7 12. Bg3 Bf6 13. O-O e5 14. dxe5 Nxe5
15. Bxe5 Bxe5 16. Bxh7+ Kxh7 17. Qh5+ Kg8 18. Qxe5 Re8 19. Qd4 Bf5 20. Rfe1 Qd7
21. f3 Qc6 22. Kf2 Rac8 23. Rxe8+ Rxe8 24. Re1 Rxe1 25. Kxe1 Bc2 26. b3 Qd6 27.
g3 Qh6 28. h4 Qe6+ 29. Kf2 Bd1 30. Qe3 Qh3 31. Qe1 Qh2+ 32. Ke3 Bc2 33. a5 Qh3
34. b4 Qc8 35. Nf1 Qc4 36. Kf2 d4 37. cxd4 Qxd4+ 38. Kg2 Ba4 39. Qd2 Qf6 40.
Kf2 Bc6 41. Nh2 Kh8 42. f4 g6 43. Ng4 Qe6 44. Qd4+ Kg8 45. Nf6+ Kf8 46. Qd8+
Kg7 47. Ng8 Qa2+ 48. Ke1 Bb5 49. Kd1 Qb1+ 50. Kd2 Qxb4+ 51. Kd1 Qb3+ 52. Kd2
Qxg3 53. Ne7 Qxf4+ 54. Kd1 Ba4+ 55. Ke2 Qg4+ 56. Ke3 Qd7 57. Qg8+ Kf6 58. Nc8
Qe8+ 59. Qxe8 Bxe8 60. Kf4 Ke6 0-1

[Event "Offene Hessische Senioren Einzelmeisters"]
[Site "Bad Sooden- Allendorf"]
[Date "2013.04.28"]
[Round "9.23"]
[White "Hunold, Rolf"]
[Black "Hellwege, Werner"]
[Result "0-1"]
[WhiteElo "1974"]
[BlackElo "1811"]
[PlyCount "42"]
[EventDate "2013.??.??"]
[WhiteTeam "SV Letmathe 1933 e.V."]
[BlackTeam "SK Lister Turm"]

1. e4 c5 2. Nf3 d6 3. d4 cxd4 4. Nxd4 Nf6 5. Nc3 a6 6. Bd3 e5 7. Nf3 h6 8. Ne2
Be6 9. c4 Nbd7 10. Nc3 Nc5 11. h3 Rc8 12. b3 Qa5 13. Qd2 Nxd3+ 14. Qxd3 b5 15.
Bd2 bxc4 16. Nd5 Bxd5 17. Bxa5 cxd3 18. exd5 Nxd5 19. O-O Be7 20. Rad1 e4 21.
Nd2 e3 0-1

[Event "Offene Hessische Senioren Einzelmeisters"]
[Site "Bad Sooden- Allendorf"]
[Date "2013.04.28"]
[Round "9.24"]
[White "Kempen, Willi"]
[Black "Romanow, Werner"]
[Result "1/2-1/2"]
[WhiteElo "1888"]
[BlackElo "1972"]
[PlyCount "29"]
[EventDate "2013.??.??"]
[WhiteTeam "Rheydter SV 1920"]
[BlackTeam "SV Merseburg"]

1. e4 d5 2. exd5 Qxd5 3. Nc3 Qd6 4. Bc4 Nf6 5. Nf3 c6 6. h3 Bf5 7. Bb3 e6 8. d4
Nbd7 9. Be3 Qc7 10. Qe2 Bd6 11. O-O-O Nb6 12. g4 Bg6 13. Nh4 O-O-O 14. Rhf1
Nbd5 15. Nxd5 1/2-1/2

[Event "Offene Hessische Senioren Einzelmeisters"]
[Site "Bad Sooden- Allendorf"]
[Date "2013.04.28"]
[Round "9.25"]
[White "Limberg, Siegfried"]
[Black "Jürgens, Peter"]
[Result "1/2-1/2"]
[WhiteElo "1970"]
[BlackElo "1832"]
[PlyCount "70"]
[EventDate "2013.??.??"]
[WhiteTeam "Sfr. Taunus Königstein/Schwalbac"]
[BlackTeam "SC Tempo Göttingen"]

1. d4 Nf6 2. Nf3 e6 3. Bg5 h6 4. Bh4 c5 5. e3 Be7 6. Nbd2 cxd4 7. exd4 O-O 8.
Bd3 d6 9. O-O Nbd7 10. c4 b6 11. Re1 Bb7 12. Qe2 Re8 13. Rad1 Qc7 14. b3 Bf8
15. Bb1 g6 16. Nf1 Bg7 17. Bg3 Nh5 18. Qe3 Nxg3 19. Nxg3 Nf6 20. h3 Bc6 21. Nd2
Qb7 22. f3 Rad8 23. Nge4 Nxe4 24. fxe4 e5 25. d5 Bd7 26. Rf1 Rf8 27. Rf2 Qc8
28. Rdf1 Qc5 29. Qxc5 bxc5 30. Nf3 Rb8 31. Bc2 Rb7 32. Nh2 h5 33. Nf3 Bh6 34.
Kh1 Kg7 35. g3 f6 1/2-1/2

[Event "Offene Hessische Senioren Einzelmeisters"]
[Site "Bad Sooden- Allendorf"]
[Date "2013.04.28"]
[Round "9.26"]
[White "Bachmann, Rolf"]
[Black "Rychlik, Kurt"]
[Result "1/2-1/2"]
[WhiteElo "1881"]
[BlackElo "1970"]
[PlyCount "53"]
[EventDate "2013.??.??"]
[WhiteTeam "SVigung Hamm"]
[BlackTeam "SV Berenbostel"]

1. d4 d5 2. c4 c6 3. Nf3 Nf6 4. Nc3 e6 5. Bg5 Nbd7 6. e3 Qa5 7. Nd2 a6 8. Bh4
b5 9. Nb3 Qd8 10. cxb5 cxb5 11. Bd3 Bb4 12. O-O Bb7 13. a4 Bxc3 14. bxc3 bxa4
15. Rxa4 O-O 16. Na5 Qc8 17. Nxb7 Qxb7 18. Qa1 Qc6 19. Rc1 Nb6 20. Rxa6 Nfd7
21. Be7 Rfe8 22. Rxa8 Rxa8 23. Qb1 f5 24. Bb5 Qc8 25. c4 Nxc4 26. Qb4 Kf7 27.
g3 1/2-1/2

[Event "Offene Hessische Senioren Einzelmeisters"]
[Site "Bad Sooden- Allendorf"]
[Date "2013.04.28"]
[Round "9.27"]
[White "Kopp, Peter"]
[Black "Ripoll, Luis"]
[Result "1/2-1/2"]
[WhiteElo "1964"]
[BlackElo "1803"]
[PlyCount "93"]
[EventDate "2013.??.??"]
[WhiteTeam "SV 1920 Hofheim"]
[BlackTeam "SK Lister Turm"]

1. e4 c5 2. c3 d6 3. d4 cxd4 4. cxd4 Nf6 5. Nc3 e6 6. Nf3 Be7 7. Bd3 Nc6 8. O-O
O-O 9. h3 e5 10. d5 Nb8 11. Be3 Nbd7 12. b4 Nh5 13. Qd2 Nf4 14. Bxf4 exf4 15.
Qxf4 Ne5 16. Qe3 Nxf3+ 17. Qxf3 Bf6 18. Rac1 a6 19. Qe3 Bd7 20. Ne2 Re8 21. Kh1
g6 22. f3 Bg7 23. Rfd1 Ba4 24. Bc2 Bd7 25. Re1 Bb2 26. Rb1 Bg7 27. Nd4 Qh4 28.
Ne2 Rac8 29. Bd3 f5 30. Qf4 Qxf4 31. Nxf4 Be5 32. Ne2 fxe4 33. Bxe4 Bb5 34. Nc1
Bg3 35. Rd1 Rc3 36. Nb3 Ba4 37. Rdc1 Rec8 38. Rxc3 Rxc3 39. Na5 Rc7 40. Bd3 Kg7
41. Kg1 Kf6 42. Kf1 Ke5 43. Ke2 Kd4 44. Be4 Bb5+ 45. Kd1 Ba4+ 46. Ke2 Bb5+ 47.
Kd1 1/2-1/2

[Event "Offene Hessische Senioren Einzelmeisters"]
[Site "Bad Sooden- Allendorf"]
[Date "2013.04.28"]
[Round "9.28"]
[White "Petzold, Dr. Hans"]
[Black "Blosze, Winfried"]
[Result "1-0"]
[WhiteElo "1964"]
[BlackElo "1759"]
[PlyCount "53"]
[EventDate "2013.??.??"]
[WhiteTeam "USV TU Dresden"]
[BlackTeam "SV Königsspringer 1929 Großauhei"]

1. e4 d5 2. exd5 Qxd5 3. Nc3 Qd6 4. d4 Nf6 5. Bc4 a6 6. Be3 Qc6 7. Bf1 Bg4 8.
Qd2 e6 9. f3 Bf5 10. Bd3 Bxd3 11. Qxd3 Bb4 12. Nge2 Nbd7 13. O-O O-O 14. Ne4
Rad8 15. c3 Be7 16. Qc2 Nd5 17. Bf2 b5 18. Rfe1 f5 19. Nd2 Bf6 20. Rad1 Bg5 21.
Nf1 Rf6 22. Nc1 Rg6 23. Nd3 Rf8 24. Bg3 f4 25. Bf2 h5 26. Nb4 Nxb4 27. Qxg6 1-0

[Event "Offene Hessische Senioren Einzelmeisters"]
[Site "Bad Sooden- Allendorf"]
[Date "2013.04.28"]
[Round "9.29"]
[White "Krebs, Dietmar"]
[Black "Barlo, Werner"]
[Result "1-0"]
[WhiteElo "1960"]
[BlackElo "1579"]
[PlyCount "79"]
[EventDate "2013.??.??"]
[WhiteTeam "Kölner SK Dr. Lasker 186"]
[BlackTeam "SK Zehlendorf e.V."]

1. e4 e6 2. d3 d5 3. Nd2 c5 4. Ngf3 Nc6 5. g3 Bd6 6. Bg2 Nf6 7. O-O dxe4 8.
dxe4 O-O 9. Re1 e5 10. c3 h6 11. Nc4 Bc7 12. Qc2 Qe7 13. h3 Be6 14. Ne3 Rfd8
15. b3 Qd7 16. Rd1 Qc8 17. Rxd8+ Bxd8 18. Kh2 Bc7 19. Ba3 b6 20. Rd1 Qe8 21.
Nd5 Bd8 22. Bc1 Rc8 23. Nh4 Nh7 24. Nf5 Bxf5 25. exf5 f6 26. Qe2 Ne7 27. g4
Nxd5 28. Bxd5+ Kh8 29. Be6 Rb8 30. h4 Nf8 31. Bd5 Bc7 32. Qe4 a5 33. c4 Rd8 34.
Rd3 Qe7 35. Kg2 Qe8 36. Rg3 Qe7 37. g5 fxg5 38. hxg5 Rd6 39. gxh6 g6 40. fxg6
1-0

[Event "Offene Hessische Senioren Einzelmeisters"]
[Site "Bad Sooden- Allendorf"]
[Date "2013.04.28"]
[Round "9.30"]
[White "Busic, Nedjeljko"]
[Black "Biller, Dr. Helmut"]
[Result "0-1"]
[WhiteElo "1877"]
[BlackElo "1959"]
[PlyCount "82"]
[EventDate "2013.??.??"]
[WhiteTeam "SC Bad Nauheim"]
[BlackTeam "Sfr. Frankfurt 1921"]

1. e4 d6 2. d4 Nf6 3. Bc4 Nxe4 4. Bxf7+ Kxf7 5. Qh5+ g6 6. Qd5+ e6 7. Qxe4 Bg7
8. Nf3 h6 9. O-O Nc6 10. Nc3 Re8 11. Be3 Qf6 12. Nb5 Re7 13. Rad1 Qf5 14. Nc3
Qxe4 15. Nxe4 Bd7 16. c3 Kg8 17. h3 Kh7 18. Nh2 Rf7 19. Rfe1 e5 20. d5 Ne7 21.
g4 Ng8 22. Nf1 Nf6 23. Nfg3 Bf8 24. Nxf6+ Rxf6 25. Ne4 Rf7 26. Kg2 Be7 27. Rd2
Raf8 28. c4 a6 29. b4 h5 30. Rh1 Kg7 31. a3 Rc8 32. gxh5 gxh5 33. Kh2 Bf5 34.
Rg1+ Kh7 35. Ng3 Bg6 36. c5 h4 37. Ne2 Be4 38. Nc3 Bf3 39. Rc2 Bf6 40. Rcc1 e4
41. Nb1 Be5+ 0-1

[Event "Offene Hessische Senioren Einzelmeisters"]
[Site "Bad Sooden- Allendorf"]
[Date "2013.04.28"]
[Round "9.31"]
[White "Just, Fred"]
[Black "Nietsch, Horst"]
[Result "1-0"]
[WhiteElo "2044"]
[BlackElo "1719"]
[Annotator ",Meiwald"]
[PlyCount "39"]
[EventDate "2013.??.??"]
[WhiteTeam "SAbt SV Werder Bremen"]
[BlackTeam "SG Weißensee 49 e.V."]

1. d4 Nf6 2. Nf3 e6 3. g3 d5 4. Bg2 c5 5. e3 Nc6 6. O-O b6 7. c4 Be7 8. cxd5
exd5 9. Nc3 O-O 10. Ne5 Bb7 11. f4 Nxe5 12. dxe5 Ne4 13. Bd2 Qd7 14. Nxe4 dxe4
15. Bc3 Rad8 16. Qh5 f5 17. Rfd1 Qc6 18. Rxd8 Rxd8 19. b3 g6 20. Qe2 {weitere
Notation nicht zu rekonstruieren, fehlende Notation} 1-0

[Event "Offene Hessische Senioren Einzelmeisters"]
[Site "Bad Sooden- Allendorf"]
[Date "2013.04.28"]
[Round "9.32"]
[White "Huhn, Ulrich"]
[Black "Kripp, Wolfgang"]
[Result "0-1"]
[WhiteElo "1757"]
[BlackElo "1982"]
[PlyCount "123"]
[EventDate "2013.??.??"]
[WhiteTeam "SF Siemensstadt"]
[BlackTeam "SAbt SG 1945 Dietzenbach"]

1. d4 d5 2. Nc3 Nf6 3. Bg5 Nbd7 4. f3 c6 5. e4 dxe4 6. fxe4 Qa5 7. Qd2 e5 8.
Nf3 exd4 9. Nxd4 Bb4 10. Bd3 h6 11. Bh4 Qh5 12. Bg3 Nc5 13. Qe3 O-O 14. O-O
Nxd3 15. cxd3 Ng4 16. Qf4 Bc5 17. e5 Rd8 18. Nce2 Be6 19. h3 Nxe5 20. Qxe5 Qxe5
21. Bxe5 Rd5 22. Bg3 Bxd4+ 23. Nxd4 Rxd4 24. Rf3 Rad8 25. Kf2 Rxd3 26. Rxd3
Rxd3 27. Bf4 a6 28. a3 g5 29. Be3 f5 30. g3 Bd5 31. h4 f4 32. gxf4 gxf4 33.
Rg1+ Kf7 34. Bc5 Rh3 35. Rg4 Rh2+ 36. Ke1 Rh1+ 37. Kd2 f3 38. Kc2 h5 39. Rf4+
Ke6 40. Be3 Ke5 41. Rb4 Be4+ 42. Kd2 b5 43. Bf2 Kf5 44. Ke3 Bd5 45. Rf4+ Ke6
46. Rd4 Rb1 47. Rd2 Kf5 48. Rc2 a5 49. Rd2 a4 50. Rc2 Rd1 51. Bg3 Rg1 52. Bf2
Rf1 53. Rd2 Rc1 54. Bg3 Rc4 55. Rf2 Kg4 56. Bd6 Kxh4 57. Rh2+ Kg5 58. Rh1 Rg4
59. Be7+ Kg6 60. Bc5 Rg2 61. Bd4 Re2+ 62. Kf4 0-1

[Event "Offene Hessische Senioren Einzelmeisters"]
[Site "Bad Sooden- Allendorf"]
[Date "2013.04.28"]
[Round "9.33"]
[White "Niebuhr, Gerd"]
[Black "Aepfler, Gerhard"]
[Result "1/2-1/2"]
[WhiteElo "1902"]
[BlackElo "1657"]
[PlyCount "42"]
[EventDate "2013.??.??"]
[WhiteTeam "Freibauer Wedemark"]
[BlackTeam "TSG Apolda"]

1. e4 e5 2. Nf3 d5 3. exd5 e4 4. Qe2 Nf6 5. d3 Qxd5 6. Nfd2 e3 7. Qxe3+ Be6 8.
Nc3 Qd8 9. Be2 Nc6 10. Nb3 Nb4 11. Bd1 Bd6 12. Ne4 O-O 13. Nxd6 cxd6 14. O-O
Nfd5 15. Qg3 Nc6 16. Bg5 f6 17. Bh6 Qd7 18. d4 Kh8 19. Bd2 Nb6 20. c3 Ne7 21.
Re1 Nf5 1/2-1/2

[Event "Offene Hessische Senioren Einzelmeisters"]
[Site "Bad Sooden- Allendorf"]
[Date "2013.04.28"]
[Round "9.34"]
[White "Ophoff, Rigobert"]
[Black "Peleikis, Horst"]
[Result "1/2-1/2"]
[WhiteElo "1706"]
[BlackElo "1879"]
[PlyCount "79"]
[EventDate "2013.??.??"]
[WhiteTeam "Rhedaer SV von 1931 e."]
[BlackTeam "SK Lister Turm"]

1. d4 Nf6 2. Nf3 g6 3. g3 Bg7 4. Bg2 O-O 5. O-O d6 6. c4 Na6 7. Nc3 c5 8. b3
Bd7 9. Bb2 Rb8 10. Qd2 cxd4 11. Nxd4 Nc5 12. Rfd1 a6 13. Rac1 Qe8 14. Nd5 Nxd5
15. cxd5 Qd8 16. Rc2 Rc8 17. Rdc1 Re8 18. e4 Qb6 19. Bc3 e5 20. dxe6 Nxe6 21.
Nxe6 Rxc3 22. Nxg7 Rxc2 23. Rxc2 Kxg7 24. Rc4 Bb5 25. Rd4 Re6 26. h3 h6 27. h4
Rf6 28. f4 a5 29. Kh2 Qc5 30. Rd5 Qb6 31. e5 dxe5 32. Rxe5 Rd6 33. Rd5 Rxd5 34.
Bxd5 Qc7 35. Bg2 b6 36. Qd4+ Kh7 37. Qd2 Qc5 38. Qd5 Be8 39. Qxc5 bxc5 40. Bd5
1/2-1/2

[Event "Offene Hessische Senioren Einzelmeisters"]
[Site "Bad Sooden- Allendorf"]
[Date "2013.04.28"]
[Round "9.35"]
[White "Krotofil, Kurt"]
[Black "Paulsen, Eckart"]
[Result "1-0"]
[WhiteElo "1834"]
[BlackElo "1696"]
[PlyCount "53"]
[EventDate "2013.??.??"]
[WhiteTeam "Niendorfer TSV 1919 SAbt"]
[BlackTeam "Post SV Neustadt"]

1. d4 Nf6 2. c4 e5 3. dxe5 Ng4 4. Bf4 Nc6 5. Nf3 Bb4+ 6. Nbd2 Qe7 7. e3 Ngxe5
8. Nxe5 Nxe5 9. Be2 O-O 10. O-O Bxd2 11. Qxd2 d6 12. Rfd1 b6 13. b4 Bb7 14. c5
Rad8 15. Qc3 Ng6 16. cxd6 cxd6 17. Bg3 Ne5 18. Rd4 Rc8 19. Qd2 Rfd8 20. Rd1 d5
21. Bxe5 Qxe5 22. Bf3 Qe7 23. e4 Re8 24. exd5 Rc2 25. d6 Rxd2 26. dxe7 Rxd4 27.
Rxd4 1-0

[Event "Offene Hessische Senioren Einzelmeisters"]
[Site "Bad Sooden- Allendorf"]
[Date "2013.04.28"]
[Round "9.36"]
[White "Geisler, Reinhard"]
[Black "Perk, Egbert"]
[Result "1/2-1/2"]
[WhiteElo "1697"]
[BlackElo "1834"]
[PlyCount "53"]
[EventDate "2013.??.??"]
[WhiteTeam "SK Werther 1949 e.V."]
[BlackTeam "SK Lister Turm"]

1. Nf3 Nf6 2. c4 c5 3. Nc3 g6 4. g3 Bg7 5. Bg2 O-O 6. O-O Nc6 7. d4 cxd4 8.
Nxd4 Nxd4 9. Qxd4 Ne8 10. Qd3 Nc7 11. Re1 Ne6 12. Be3 Qa5 13. Rac1 d6 14. Bd2
Qd8 15. b4 a5 16. a3 axb4 17. axb4 Ra3 18. Ra1 Rxa1 19. Rxa1 Nd4 20. Rd1 Bf5
21. e4 Bg4 22. f3 Be6 23. Be3 Nc6 24. Nd5 Bxd5 25. cxd5 Nxb4 26. Qb3 Na6 27.
Qxb7 1/2-1/2

[Event "Offene Hessische Senioren Einzelmeisters"]
[Site "Bad Sooden- Allendorf"]
[Date "2013.04.28"]
[Round "9.37"]
[White "Rürup, Hans-Heinz"]
[Black "Kienel, Norbert"]
[Result "1-0"]
[WhiteElo "1825"]
[BlackElo "1611"]
[PlyCount "37"]
[EventDate "2013.??.??"]
[WhiteTeam "SV Bad Oeynhausen"]
[BlackTeam "SV Osnabrück"]

1. e4 c5 2. Nc3 Nc6 3. Bb5 Nf6 4. Bxc6 dxc6 5. f4 Bg4 6. Nf3 e6 7. O-O Be7 8.
d3 O-O 9. Qe1 Bxf3 10. Rxf3 c4 11. Kh1 cxd3 12. Rxd3 Qc7 13. Rh3 e5 14. f5 h6
15. Bxh6 Ne8 16. Qg3 Bf6 17. Bg5 Bxg5 18. Qxg5 Rd8 19. f6 1-0

[Event "Offene Hessische Senioren Einzelmeisters"]
[Site "Bad Sooden- Allendorf"]
[Date "2013.04.28"]
[Round "9.38"]
[White "Scheide, Helmut"]
[Black "Bartels, Lothar"]
[Result "1/2-1/2"]
[WhiteElo "1824"]
[BlackElo "1568"]
[PlyCount "88"]
[EventDate "2013.??.??"]
[WhiteTeam "USV Potsdam e.V., Abt. Schach"]
[BlackTeam "SG Lasker Steglitz-Wilmersdorf"]

1. d4 Nf6 2. c4 e5 3. dxe5 Ng4 4. Nf3 Bc5 5. e3 Nc6 6. Nc3 Ngxe5 7. Nxe5 Nxe5
8. Be2 O-O 9. O-O d6 10. Ne4 Bb6 11. f4 Nc6 12. Bd3 Qe7 13. Qf3 f5 14. Nc3 Be6
15. Bd2 Rae8 16. a3 a6 17. Kh1 Qf7 18. b3 Nd8 19. e4 Bd7 20. Rfe1 Bc6 21. Nd5
Bxd5 22. exd5 Qg6 23. Bc3 Nf7 24. h3 h5 25. Re2 Nh6 26. Rae1 h4 27. Re7 Rxe7
28. Rxe7 Rf7 29. Re6 Qg3 30. Be1 Qxf3 31. gxf3 a5 32. a4 Kf8 33. Bxh4 Bd4 34.
Kg2 b6 35. Bg5 Ng8 36. h4 Bc3 37. h5 Bd4 38. Kf1 Bf6 39. Bxf6 Rxf6 40. Rxf6+
Nxf6 41. Bxf5 Nxh5 42. Kf2 Nxf4 43. Ke3 Nh5 44. Bg6 Nf6 1/2-1/2